[Event "Flint (Beg/4)"]
[Site "?"]
[Date "1993.??.??"]
[Round "?"]
[White "Gaiefsky, D."]
[Black "Autry, R."]
[Result "0-1"]
[WhiteElo "1605"]
[BlackElo "1605"]
[PlyCount "72"]
[EventDate "1993.??.??"]

1. e4 e5 2. Nf3 Nc6 3. Nc3 Nf6 4. Bc4 Bc5 5. d3 O-O 6. Bg5 d6 7. Rg1 h6 8. Bxf6
Qxf6 9. Qd2 Bg4 10. Qe2 Nd4 11. Qd1 Qg6 12. h3 Bxf3 13. gxf3 Qxg1+ 14. Kd2
Nxf3+ 15. Kc1 Qxf2 16. Nb5 Be3+ 17. Kb1 Nd2+ 18. Kc1 Nxc4+ 19. Kb1 Qf1 20. Qxf1
Nd2+ 21. Kc1 Nxf1+ 22. Kd1 Ng3 23. Nc3 c6 24. Ne2 Nh1 25. Nc3 f5 26. Ke2 Ng3+
27. Kxe3 f4+ 28. Kf2 Rac8 29. Kg1 d5 30. exd5 cxd5 31. Nd1 Rxc2 32. Nc3 f3 33.
Nxd5 f2+ 34. Kh2 f1=Q+ 35. Kxg3 Rf3+ 36. Kh4 Qxh3# 0-1

[Event "Lansing (MI Inv/1)"]
[Site "?"]
[Date "1993.??.??"]
[Round "?"]
[White "Gabbara, Faris"]
[Black "Tsemekhman, Vadim"]
[Result "0-1"]
[WhiteElo "2155"]
[BlackElo "2415"]
[PlyCount "96"]
[EventDate "1993.??.??"]

1. d4 Nf6 2. Nf3 d5 3. c4 e6 4. Nc3 Be7 5. cxd5 exd5 6. Bg5 c6 7. e3 Bf5 8. Bd3
Bxd3 9. Qxd3 Nbd7 10. O-O O-O 11. Rac1 Ne4 12. Bxe7 Qxe7 13. Nd2 Nd6 14. f3 f5
15. e4 fxe4 16. fxe4 dxe4 17. Ndxe4 Nxe4 18. Qxe4 Qd6 19. Rce1 Nf6 20. Qe5 Rad8
21. Rf4 Qb4 22. Qe6+ Kh8 23. Qb3 Qxb3 24. axb3 Kg8 25. Ra1 a6 26. Rd1 Rfe8 27.
Kf2 Re7 28. Re1 Rxe1 29. Kxe1 Kf7 30. h4 h6 31. Ne2 Ke6 32. Kd2 Rd5 33. Kd3 Rb5
34. Kc2 Rf5 35. g4 Rxf4 36. Nxf4+ Kf7 37. g5 hxg5 38. hxg5 Nd5 39. Nd3 Kg6 40.
Nc5 Kxg5 41. Nxb7 Kf4 42. Nd8 g5 43. Ne6+ Kf5 44. Ng7+ Ke4 45. Kd2 g4 46. Ne6
g3 47. Ke1 Nf4 48. Nc5+ Kf3 0-1

[Event "Eastpointe (EDO/1b/4)"]
[Site "?"]
[Date "1993.??.??"]
[Round "?"]
[White "Gabbara, Faris"]
[Black "Serwatowski, Felix"]
[Result "1-0"]
[WhiteElo "2130"]
[BlackElo "1605"]
[PlyCount "47"]
[EventDate "1993.??.??"]

1. e4 Nc6 2. d4 d6 3. d5 Ne5 4. f4 Ng6 5. c4 Nf6 6. Nc3 e6 7. dxe6 fxe6 8. Nf3
Be7 9. Bd3 Nd7 10. Be3 O-O 11. g3 b6 12. Qc2 Qe8 13. O-O-O Nc5 14. Bxc5 bxc5
15. h4 Ne5 16. Nxe5 dxe5 17. fxe5 Qg6 18. Qh2 Qh6+ 19. Kb1 Qe3 20. Rhe1 Qf2 21.
Qxf2 Rxf2 22. Rf1 Rxf1 23. Bxf1 Bd7 24. Rxd7 1-0

[Event "Flint (MEX/2)"]
[Site "?"]
[Date "1993.??.??"]
[Round "?"]
[White "Gabbara, Faris"]
[Black "Koster, Ed"]
[Result "0-1"]
[WhiteElo "2205"]
[BlackElo "2100"]
[PlyCount "77"]
[EventDate "1993.??.??"]

1. d4 Nf6 2. Nf3 g6 3. c4 Bg7 4. Nc3 d5 5. g3 dxc4 6. Qa4+ Nfd7 7. Bf4 O-O 8.
Qxc4 Nc6 9. e3 e5 10. Bg5 Qe8 11. d5 Nb6 12. Qc5 Nd4 13. Nxd4 exd4 14. Nb5 Qe4
15. Rg1 dxe3 16. Bxe3 Bxb2 17. Rd1 Bg4 18. Bg2 Qc4 19. f3 Rfe8 20. Kf2 Bd7 21.
Nxc7 Qxa2 22. Rd2 Rac8 23. Re1 Nc4 24. Rc2 Rxe3 25. Qxc4 Qxc4 26. Rxc4 Rxe1 27.
Kxe1 Be5 28. f4 Rxc7 29. Re4 Bd6 30. Kd2 Kg7 31. Bf3 a6 32. g4 b5 33. h4 Rc4
34. Rxc4 bxc4 35. Kc3 Bb5 36. f5 gxf5 37. gxf5 Kf6 38. Be4 Ke5 39. Bg2 0-1

[Event "Trenton (Mar)"]
[Site "?"]
[Date "1993.??.??"]
[Round "?"]
[White "Gabbara, Faris"]
[Black "Grossman, Jay"]
[Result "1-0"]
[WhiteElo "2195"]
[BlackElo "1855"]
[PlyCount "101"]
[EventDate "1993.??.??"]

1. e4 c5 2. Nc3 e6 3. f4 d5 4. e5 Ne7 5. Nf3 a6 6. a4 Nbc6 7. Ne2 Bd7 8. c3 Qb6
9. d4 cxd4 10. cxd4 Nf5 11. g4 Bb4+ 12. Kf2 Nfe7 13. Be3 Rc8 14. Nc1 Ba5 15.
Nd3 Qa7 16. Nc5 Bb6 17. Nxd7 Kxd7 18. Bb5 Qb8 19. a5 axb5 20. axb6 Nb4 21. Qb3
Nc2 22. Qxb5+ Nc6 23. Ra4 Nxe3 24. Kxe3 Rhd8 25. Rha1 Ke7 26. Ne1 f6 27. Ra8
Qxa8 28. Rxa8 Rxa8 29. Nd3 Ra5 30. Qb3 Ra6 31. Qc3 Kf7 32. f5 Rxb6 33. fxe6+
Kxe6 34. Nc5+ Kf7 35. e6+ Ke7 36. Qc2 g6 37. h4 Rb4 38. h5 Rc4 39. Qh2 Rxc5 40.
dxc5 Kxe6 41. Qc7 Rd7 42. Qc8 d4+ 43. Kd2 Ne5 44. Qg8+ Rf7 45. hxg6 hxg6 46. b4
Kd5 47. Qd8+ Kc4 48. Qd6 Kxb4 49. Qxd4+ Kb5 50. Kc3 g5 51. Qd6 1-0

[Event "Flint (Beg/1)"]
[Site "?"]
[Date "1993.??.??"]
[Round "?"]
[White "Fulmore, T."]
[Black "Talarczyk, G."]
[Result "0-1"]
[WhiteElo "1605"]
[BlackElo "1605"]
[PlyCount "58"]
[EventDate "1993.??.??"]

1. Nf3 c5 2. e3 Nc6 3. Be2 g6 4. O-O Bg7 5. Bc4 Nf6 6. Ng5 d5 7. Bb5 Bd7 8. Qe1
a6 9. Bxc6 Bxc6 10. d4 c4 11. Nc3 O-O 12. a4 b5 13. a5 b4 14. Ne2 Qd7 15. Qxb4
Rfe8 16. Qc3 Qg4 17. e4 Qxe2 18. Bf4 Qg4 19. Be3 dxe4 20. Qxc4 Qc8 21. f3 Bb5
22. Qb4 Bxf1 23. Rd1 Qxc2 24. Rc1 Rab8 25. Qxe7 Qxb2 26. Qc7 Rbc8 27. Qf4 Nd5
28. Qxe4 Nxe3 29. Rxc8 Qxg2# 0-1

[Event "Flint (Beg/4)"]
[Site "?"]
[Date "1993.??.??"]
[Round "?"]
[White "Fulmore, T."]
[Black "Gourlay, J."]
[Result "1-0"]
[WhiteElo "1605"]
[BlackElo "1605"]
[PlyCount "39"]
[EventDate "1993.??.??"]

1. Nf3 d5 2. e3 Nc6 3. Be2 e5 4. d3 Nf6 5. O-O Bg4 6. Nc3 Bb4 7. Bd2 Qd7 8. a3
Bxc3 9. bxc3 O-O-O 10. Qb1 Bxf3 11. Bxf3 Rhe8 12. Qb3 Na5 13. Qb4 Nc6 14. Qb2
Na5 15. Rfb1 Qc6 16. c4 dxc4 17. Bxa5 Qa6 18. Bxb7+ Kd7 19. Bxa6 Rb8 20. Bb5+
1-0

[Event "East Lansing (MI Op/4/9)"]
[Site "?"]
[Date "1993.??.??"]
[Round "?"]
[White "Fuller, William"]
[Black "Ward, Tom"]
[Result "0-1"]
[WhiteElo "2020"]
[BlackElo "2185"]
[PlyCount "134"]
[EventDate "1993.??.??"]

{4/(9)} 1. Nf3 Nf6 2. g3 e6 3. Bg2 c5 4. d3 Nc6 5. O-O Be7 6. e4 d6 7. Nbd2 O-O
8. Nc4 b5 9. Ne3 Bd7 10. Nd2 Qb6 11. c4 b4 12. f4 Rfe8 13. Nf3 g6 14. g4 Qc7
15. g5 Nh5 16. Ng4 Bf8 17. e5 d5 18. Nd2 Ne7 19. Rf2 Bc6 20. Nf1 Nf5 21. Ng3
Nfxg3 22. hxg3 Red8 23. Qf3 Rac8 24. Nf6+ Nxf6 25. exf6 dxc4 26. Qxc6 Qxc6 27.
Bxc6 Rxc6 28. dxc4 Rd3 29. Kg2 Rcd6 30. f5 gxf5 31. Bf4 Rd7 32. Re1 Rd8 33.
Ree2 Bd6 34. Be5 h6 35. gxh6 Kh7 36. Bxd6 R8xd6 37. Re5 Rd2 38. Rxc5 Rxf2+ 39.
Kxf2 Rd2+ 40. Ke3 Rxb2 41. Ra5 b3 42. axb3 Rxb3+ 43. Kd4 Kxh6 44. c5 Rxg3 45.
c6 Rg8 46. Ke5 Kg6 47. Ra1 Rd8 48. Rg1+ Kh5 49. Rc1 Kg4 50. Rc4+ Kg5 51. Rc5 f4
52. c7 Rc8 53. Rc1 f3 54. Rg1+ Kh4 55. Rc1 Kg3 56. Kd6 f2 57. Kd7 Rxc7+ 58.
Kxc7 e5 59. Kd7 e4 60. Ke7 e3 61. Kxf7 e2 62. Kg7 f1=Q 63. Rc3+ Kh2 64. Re3
e1=Q 65. Rxe1 Qxe1 66. f7 Qe7 67. Kh8 a5 0-1

[Event "East Lansing (MI Op/6/15)"]
[Site "?"]
[Date "1993.??.??"]
[Round "?"]
[White "Fuller, William"]
[Black "Morris, Jewell"]
[Result "1-0"]
[WhiteElo "2020"]
[BlackElo "1940"]
[PlyCount "73"]
[EventDate "1993.??.??"]

{6/(15)} 1. d4 Nf6 2. Nf3 d5 3. Bg5 e6 4. e3 Be7 5. Nbd2 Nbd7 6. Bd3 O-O 7. c3
c5 8. O-O b6 9. Ne5 Nxe5 10. dxe5 Nd7 11. Bxe7 Qxe7 12. f4 Bb7 13. Nf3 f5 14.
h3 Qf7 15. g4 Qg6 16. Rf2 c4 17. Bc2 Nc5 18. Rg2 Ne4 19. Nd4 Qh6 20. Bxe4 dxe4
21. gxf5 exf5 22. Qf1 Rac8 23. Rd1 a6 24. Rdd2 Kh8 25. Rg5 g6 26. h4 Rfe8 27.
Rh2 Rg8 28. Kh1 Qf8 29. h5 gxh5 30. Rgxh5 Rc7 31. Ne6 Qf7 32. Rxh7+ Qxh7 33.
Nxc7 Rg7 34. Ne6 Kg8 35. Nxg7 Qxg7 36. Rg2 Kf7 37. Rxg7+ 1-0

[Event "Troy (TCC/X/1a/5)"]
[Site "?"]
[Date "1993.??.??"]
[Round "?"]
[White "Fuller, William"]
[Black "Moody, David"]
[Result "1-0"]
[WhiteElo "2005"]
[BlackElo "2130"]
[PlyCount "61"]
[EventDate "1993.??.??"]

1. e4 e5 2. Nf3 Nc6 3. d4 exd4 4. Bc4 Nf6 5. O-O Bc5 6. Bg5 d6 7. c3 Bg4 8.
cxd4 Bxf3 9. Qxf3 Nxd4 10. Qd1 h6 11. Be3 Ne6 12. Bxe6 fxe6 13. e5 Nd7 14. Qh5+
Kf8 15. Nc3 Bxe3 16. fxe3+ Kg8 17. exd6 cxd6 18. Qf7+ Kh7 19. Qxe6 Re8 20. Qxd6
Rxe3 21. Rad1 Qb6 22. Qxb6 Nxb6 23. Rf7 Nc4 24. Rdd7 Nxb2 25. Rxg7+ Kh8 26. Nd5
Re1+ 27. Kf2 Nd3+ 28. Kg3 Rg8 29. Rxg8+ Kxg8 30. Nf6+ Kf8 31. Rxd3 1-0

[Event "Troy (TCC/X/4/4)"]
[Site "?"]
[Date "1993.??.??"]
[Round "?"]
[White "Fuller, William"]
[Black "Linn, Peter"]
[Result "0-1"]
[WhiteElo "2005"]
[BlackElo "2140"]
[PlyCount "64"]
[EventDate "1993.??.??"]

{4/(4)} 1. Nf3 e6 2. g3 d5 3. d3 c5 4. Nbd2 Nc6 5. Bg2 Bd6 6. e4 Nge7 7. O-O
Bd7 8. Re1 Qc7 9. c3 O-O 10. Qe2 f6 11. d4 cxd4 12. cxd4 Qb6 13. exd5 exd5 14.
Nb3 Rfe8 15. Bd2 a5 16. Bc3 a4 17. Nc5 Nxd4 18. Bxd4 Bxc5 19. Bxc5 Qxc5 20.
Rac1 Qa5 21. Red1 Nc6 22. Qd3 Nb4 23. Qb1 a3 24. bxa3 Qxa3 25. Rc7 Bc6 26. Nh4
Qa5 27. Rxg7+ Kxg7 28. Rd4 Nc2 29. Rg4+ Kh8 30. Qxc2 Re1+ 31. Bf1 Qb5 32. Kg2
d4+ 0-1

[Event "Troy (TCC/X/3/8)"]
[Site "?"]
[Date "1993.??.??"]
[Round "?"]
[White "Fuller, William"]
[Black "LaMar, Frank"]
[Result "1-0"]
[WhiteElo "2005"]
[BlackElo "2070"]
[PlyCount "55"]
[EventDate "1993.??.??"]

{3/(8)} 1. e4 c5 2. Nf3 d6 3. g3 Nf6 4. d3 Nc6 5. Bg2 Bg4 6. Nbd2 Qd7 7. h3 Bh5
8. g4 Bg6 9. Nc4 e6 10. Nh4 O-O-O 11. f4 d5 12. exd5 exd5 13. Ne3 d4 14. Nc4
Re8+ 15. Kf2 h5 16. Nxg6 fxg6 17. g5 Nd5 18. h4 Qf7 19. Qf3 Rd8 20. a4 Be7 21.
Re1 Rhf8 22. Bh3+ Kb8 23. Be6 Qxf4 24. Bxf4+ Nxf4 25. Qg3 Bd6 26. Nxd6 Rxd6 27.
Kg1 Ka8 28. Bc4 1-0

[Event "Flint (MEX/1)"]
[Site "?"]
[Date "1993.??.??"]
[Round "?"]
[White "Fuller, William"]
[Black "Jarosz, Stan"]
[Result "0-1"]
[WhiteElo "2155"]
[BlackElo "2015"]
[PlyCount "112"]
[EventDate "1993.??.??"]

1. d4 d5 2. Nf3 Nf6 3. Bg5 Bf5 4. Nbd2 Nbd7 5. e3 h6 6. Bh4 e6 7. c4 c6 8. c5
Be7 9. Be2 O-O 10. O-O Ne4 11. Nxe4 dxe4 12. Bxe7 Qxe7 13. Nd2 e5 14. Nc4 exd4
15. Nd6 Bh7 16. Qxd4 Nf6 17. b4 Rfd8 18. Bc4 Bg6 19. Qb2 Ne8 20. Nxe8 Qxe8 21.
Qe2 Qe5 22. Rfd1 Qc3 23. a3 Rxd1+ 24. Rxd1 b5 25. cxb6 axb6 26. Ba6 Qxa3 27.
Bb7 Ra7 28. Bxc6 Qxb4 29. h4 Qc3 30. Qb5 Ra1 31. Rxa1 Qxa1+ 32. Kh2 Qa5 33. Qb2
Qc5 34. Ba4 Qd6+ 35. g3 Bh5 36. Qb5 Bf3 37. Qe8+ Qf8 38. Qd7 h5 39. Qb7 Qd6 40.
Bb3 Qf6 41. Bd5 g6 42. Bb3 Bg4 43. Qa8+ Kg7 44. Qa2 Be6 45. Kg1 Bxb3 46. Qxb3
Qc6 47. Qb2+ Kg8 48. Qe5 b5 49. g4 hxg4 50. h5 gxh5 51. Qg5+ Qg6 52. Qxb5 Kh7
53. Qe5 h4 54. Kh2 g3+ 55. Kh3 gxf2 56. Kxh4 f1=R 0-1

[Event "East Lansing (MI Op/2/6)"]
[Site "?"]
[Date "1993.??.??"]
[Round "?"]
[White "Fuller, William"]
[Black "Andrews, Steve"]
[Result "0-1"]
[WhiteElo "2020"]
[BlackElo "2265"]
[PlyCount "74"]
[EventDate "1993.??.??"]

{2/(6)} 1. Nf3 Nf6 2. g3 b6 3. Bg2 Bb7 4. O-O d6 5. d3 Nbd7 6. e4 e5 7. Nh4 g6
8. f4 Bg7 9. fxe5 dxe5 10. Be3 h6 11. Nc3 O-O 12. h3 Qe7 13. Qd2 Kh7 14. Qf2
Rad8 15. g4 Ne8 16. Qg3 c6 17. g5 h5 18. Rf2 Nc5 19. Raf1 Ne6 20. Bf3 Nf4 21.
Ne2 Nc7 22. Nxf4 exf4 23. Bxf4 Ne6 24. Be3 Bxb2 25. Bxh5 Kg7 26. Nf5+ gxf5 27.
exf5 Qc7 28. f6+ Kg8 29. Qg4 Qe5 30. Bxf7+ Rxf7 31. g6 Rxf6 32. Rxf6 Qxe3+ 33.
R6f2 Ng5 34. Kh2 Be5+ 35. Rf4 Rf8 36. h4 Rxf4 37. Rxf4 Qxf4+ 0-1

[Event "Lansing (MI Am/4)"]
[Site "?"]
[Date "1993.??.??"]
[Round "?"]
[White "Friedland, J."]
[Black "Mulligan, D."]
[Result "1-0"]
[WhiteElo "1605"]
[BlackElo "1605"]
[PlyCount "27"]
[EventDate "1993.??.??"]

1. e4 e5 2. Nf3 Bc5 3. Nc3 c6 4. a3 Qe7 5. Bc4 Bb6 6. d3 Qc5 7. Be3 Qd6 8. O-O
Qg6 9. Bxb6 axb6 10. Nxe5 Qh6 11. Nxf7 Qf4 12. Nxh8 Nf6 13. h3 Ra5 14. Ne2 {
[Remainder illegible; 1-0, 22?]} 1-0

[Event "East Lansing (MOR/6/34)"]
[Site "?"]
[Date "1993.??.??"]
[Round "?"]
[White "Friedland, J."]
[Black "Hayes, P."]
[Result "0-1"]
[WhiteElo "1605"]
[BlackElo "1605"]
[PlyCount "60"]
[EventDate "1993.??.??"]

{6/(34)} 1. e4 e5 2. Nf3 Nc6 3. Bc4 d6 4. Nc3 Bg4 5. Be2 Nf6 6. d3 Be7 7. Be3
O-O 8. O-O d5 9. Qd2 d4 10. Bxd4 exd4 11. Nb1 Re8 12. c3 dxc3 13. Nxc3 Bb4 14.
Rac1 Rc8 15. h3 Nxe4 16. dxe4 Qxd2 17. Nxd2 Bxe2 18. Nxe2 Bxd2 19. Rcd1 Rcd8
20. f3 Nb4 21. a3 Nc2 22. Rf2 Be3 23. Rxd8 Rxd8 24. Nc3 Rd2 25. Kh2 Bxf2 26.
Nd5 c6 27. Ne7+ Kf8 28. Nc8 Rd8 29. Nxa7 Bxa7 30. Kg3 Rd2 0-1

[Event "East Lansing (MOR/2/33)"]
[Site "?"]
[Date "1993.??.??"]
[Round "?"]
[White "Friedland, J."]
[Black "Golingai, P."]
[Result "0-1"]
[WhiteElo "1605"]
[BlackElo "1670"]
[PlyCount "120"]
[EventDate "1993.??.??"]

{2/(33)} 1. e4 e6 2. d4 d5 3. Nc3 Nf6 4. Bg5 Be7 5. Bxf6 Bxf6 6. Nf3 O-O 7. Bd3
c5 8. Be2 Nc6 9. dxc5 Qa5 10. Qd2 Qxc5 11. O-O Bxc3 12. Qxc3 Qxc3 13. bxc3 dxe4
14. Ng5 Rd8 15. Rfd1 b6 16. Rxd8+ Nxd8 17. Nxe4 Bb7 18. Nd6 Bc6 19. Bd3 Nb7 20.
Ne4 Rc8 21. Rd1 Bxe4 22. Bxe4 Rd8 23. Rxd8+ Nxd8 24. Kf1 Kf8 25. Ke2 g6 26. Kd3
Ke7 27. Kd4 Kd6 28. g4 e5+ 29. Kc4 Ne6 30. h4 Nc5 31. Bd5 f6 32. h5 gxh5 33.
gxh5 h6 34. f3 Na4 35. Be4 Nc5 36. Bd5 f5 37. a3 b5+ 38. Kxb5 Kxd5 39. a4 e4
40. c4+ Kd6 41. fxe4 fxe4 42. Kb4 e3 43. Kc3 e2 44. Kd2 Nxa4 45. Kxe2 Kc5 46.
Kd3 Nb2+ 47. Ke4 Nxc4 48. Kf5 a5 49. Kg6 a4 50. Kxh6 a3 51. Kg7 a2 52. h6 a1=Q+
53. Kg8 Qa8+ 54. Kg7 Qb7+ 55. Kg8 Qc8+ 56. Kg7 Qd7+ 57. Kg8 Qe8+ 58. Kg7 Ne5
59. Kf6 Qh8+ 60. Kg5 Nf7+ 0-1

[Event "East Lansing (MOR/4/36)"]
[Site "?"]
[Date "1993.??.??"]
[Round "?"]
[White "Friedland, J."]
[Black "Cooper, Willie"]
[Result "0-1"]
[WhiteElo "1605"]
[BlackElo "1605"]
[PlyCount "30"]
[EventDate "1993.??.??"]

{4/(36)} 1. e4 c5 2. Nf3 g6 3. Nc3 Bg7 4. Bc4 Nf6 5. d3 O-O 6. Be3 d6 7. O-O
Nc6 8. a3 Bg4 9. Re1 Ne5 10. Rb1 Qc8 11. Ba2 Bxf3 12. gxf3 Qh3 13. Bf4 Nxf3+
14. Kh1 Ng4 15. Re3 Nxf2# 0-1

[Event "Lansing (MI Am/3)"]
[Site "?"]
[Date "1993.??.??"]
[Round "?"]
[White "Friedland, J."]
[Black "Boyle, R."]
[Result "0-1"]
[WhiteElo "1605"]
[BlackElo "1605"]
[PlyCount "114"]
[EventDate "1993.??.??"]

1. e4 e5 2. Nf3 Nc6 3. Bc4 Bc5 4. Nc3 d6 5. h3 Be6 6. Bxe6 fxe6 7. O-O Nf6 8.
Ng5 Qe7 9. d3 h6 10. Nf3 g5 11. Nh2 Rg8 12. Be3 h5 13. Bxc5 dxc5 14. f3 Qg7 15.
Nb5 O-O-O 16. g4 hxg4 17. fxg4 c4 18. Rf3 Nd4 19. Re3 Nxb5 20. a4 Nd4 21. c3
Nb3 22. Ra3 Qh6 23. Qc2 Qf8 24. dxc4 Qc5 25. Nf1 Nd2 26. Kg2 Nxf1 27. Re2 Ne3+
28. Rxe3 Qxe3 29. Ra1 Qxe4+ 30. Qxe4 Nxe4 31. Re1 Nd2 32. Rxe5 Nxc4 33. Rxe6
Nxb2 34. Re4 Rgf8 35. Re5 Rf7 36. Rxg5 Rdf8 37. h4 Re8 38. h5 Nd3 39. h6 Re3
40. Rf5 Rxf5 41. gxf5 Ne5 42. h7 Nf7 43. Kf2 Rxc3 44. a5 b6 45. axb6 axb6 46.
h8=Q+ Nxh8 47. f6 b5 48. f7 Nxf7 49. Ke2 b4 50. Kd2 Rc6 51. Kd3 b3 52. Kd4 b2
53. Kd5 Rd6+ 54. Kc5 b1=Q 55. Kc4 Qc1+ 56. Kb3 Rb6+ 57. Ka2 Qb2# 0-1

[Event "Eastpointe (EDO/2/5)"]
[Site "?"]
[Date "1993.??.??"]
[Round "?"]
[White "Franke, R."]
[Black "Jirjis, Faris"]
[Result "0-1"]
[WhiteElo "1800"]
[BlackElo "2130"]
[PlyCount "80"]
[EventDate "1993.??.??"]

{2/(5)} 1. d4 d5 2. c4 e6 3. Nc3 c5 4. cxd5 exd5 5. Bf4 Nc6 6. e3 a6 7. Nf3 Nf6
8. h3 c4 9. Be2 Bb4 10. O-O O-O 11. Rc1 Re8 12. a3 Bd6 13. Bxd6 Qxd6 14. Re1
Na5 15. Nd2 Bf5 16. Bf3 Rad8 17. Nxd5 Nxd5 18. e4 Nf4 19. exf5 Rxe1+ 20. Qxe1
Nd3 21. Qd1 Nxc1 22. Qxc1 Qxd4 23. Nf1 Nb3 24. Qg5 f6 25. Qg3 Nc5 26. Ne3 b5
27. Bd5+ Rxd5 28. Nxd5 Qxd5 29. Qb8+ Kf7 30. Qa7+ Nd7 31. Qxa6 Qxf5 32. a4 bxa4
33. Qxc4+ Kg6 34. Qxa4 Nc5 35. Qe8+ Kh6 36. Qe3+ Qg5 37. f4 Qf5 38. g4 Qb1+ 39.
Kg2 Qxb2+ 40. Kg3 Qb3 0-1

[Event "Eastpointe (EDO/5/17)"]
[Site "?"]
[Date "1993.??.??"]
[Round "?"]
[White "Franke, R."]
[Black "Hartwig, W."]
[Result "1-0"]
[WhiteElo "1800"]
[BlackElo "1605"]
[PlyCount "71"]
[EventDate "1993.??.??"]

{5/(17)} 1. d4 g6 2. c4 Bg7 3. Nc3 Nf6 4. e4 O-O 5. f4 d6 6. Nf3 Bg4 7. Be2 Nc6
8. O-O Nh5 9. Be3 f5 10. g3 Qd7 11. Rc1 a5 12. d5 Nb4 13. Nd4 Bxe2 14. Qxe2 Nf6
15. a3 Na6 16. Ne6 Rf7 17. Ng5 Rff8 18. Ne6 Rfe8 19. Nxg7 Kxg7 20. e5 Ng4 21.
e6 Qc8 22. Bd4+ Nf6 23. g4 h6 24. g5 c5 25. gxf6+ Kh7 26. Be3 exf6 27. Rf2 Re7
28. Nb5 Qd8 29. h4 Nc7 30. Nxc7 Qxc7 31. Rg2 Rg8 32. Kf2 g5 33. hxg5 fxg5 34.
fxg5 h5 35. Qxh5+ Kg7 36. Qh6# 1-0

[Event "Eastpointe (EDO/1a/9)"]
[Site "?"]
[Date "1993.??.??"]
[Round "?"]
[White "Franke, R."]
[Black "Belleau, A."]
[Result "1-0"]
[WhiteElo "1800"]
[BlackElo "1605"]
[PlyCount "30"]
[EventDate "1993.??.??"]

1. d4 e5 2. dxe5 Nc6 3. Nf3 Bc5 4. e3 d6 5. exd6 Bxd6 6. a3 Nf6 7. Nc3 O-O 8.
Bd3 Bg4 9. h3 Bh5 10. O-O Ne5 11. Be2 Bg6 12. Nb5 Nxf3+ 13. Bxf3 Ne4 14. Nxd6
Nxd6 15. Bd2 a5 {[1-0,56?]} 1-0

[Event "East Lansing (MI Op/3/33)"]
[Site "?"]
[Date "1993.??.??"]
[Round "?"]
[White "Ford, William"]
[Black "Wisckol, Richard"]
[Result "0-1"]
[WhiteElo "1930"]
[BlackElo "1830"]
[PlyCount "97"]
[EventDate "1993.??.??"]

{3/(33)} 1. d4 Nf6 2. Nf3 g6 3. c4 Bg7 4. Nc3 O-O 5. e4 d6 6. Be2 e5 7. d5 a5
8. O-O Na6 9. Bg5 Qe8 10. a3 h6 11. Be3 Ng4 12. Nd2 Nxe3 13. fxe3 Bd7 14. Bg4
Qe7 15. Bxd7 Qxd7 16. Qe2 a4 17. Rfb1 Nc5 18. b4 axb3 19. Nxb3 Nxb3 20. Rxb3 b6
21. Ra2 f5 22. Qd3 f4 23. Rf2 Qg4 24. Rf3 g5 25. Ne2 Rf7 26. exf4 exf4 27. Nd4
Bxd4+ 28. Qxd4 Re8 29. Rb2 Qh5 30. Rh3 Qg6 31. Re2 Re5 32. g3 f3 33. Re3 g4 34.
Rh4 h5 35. Kf2 Rfe7 36. Qd3 Kf7 37. Kf1 Rxe4 38. Rxe4 Qxe4 39. Qxe4 Rxe4 40.
Rxh5 Kg6 41. Rh4 Rxc4 42. h3 b5 43. Rxg4+ Rxg4 44. hxg4 Kg5 45. Kg1 Kxg4 46.
Kf2 Kf5 47. Kxf3 Ke5 48. g4 Kxd5 49. Kf4 0-1

[Event "East Lansing (MI Op/5/34)"]
[Site "?"]
[Date "1993.??.??"]
[Round "?"]
[White "Ford, William"]
[Black "Turner, P."]
[Result "1-0"]
[WhiteElo "1930"]
[BlackElo "1775"]
[PlyCount "85"]
[EventDate "1993.??.??"]

{5/(34)} 1. d4 Nf6 2. Nf3 g6 3. c4 Bg7 4. Nc3 O-O 5. e4 d6 6. h3 Nc6 7. Be3 e5
8. d5 Ne7 9. Bd3 Nh5 10. Qd2 a6 11. g4 Nf6 12. Bg5 Bd7 13. Ke2 c6 14. Rag1 cxd5
15. Nxd5 Nfxd5 16. cxd5 f6 17. Be3 Be8 18. h4 Qd7 19. h5 g5 20. h6 Bh8 21. Qb4
Ng6 22. Nd2 Nf4+ 23. Bxf4 exf4 24. Nc4 Rd8 25. Nb6 Qe7 26. f3 Bf7 27. Rc1 Rfe8
28. Rc2 Qe5 29. Kd2 Re7 30. Rhc1 Be8 31. Rc7 Rxc7 32. Rxc7 a5 33. Qc3 Rb8 34.
Nc4 Qxc3+ 35. bxc3 b5 36. Nxd6 b4 37. Nxe8 Rxe8 38. cxb4 axb4 39. Bc4 Kf8 40.
Rxh7 Kg8 41. Rb7 Kf8 42. d6 f5 43. Rf7+ 1-0

[Event "East Lansing (MI Op/7/26)"]
[Site "?"]
[Date "1993.??.??"]
[Round "?"]
[White "Ford, William"]
[Black "McGrath, Michael"]
[Result "0-1"]
[WhiteElo "1930"]
[BlackElo "1635"]
[PlyCount "66"]
[EventDate "1993.??.??"]

{7/(26)} 1. d4 d6 2. Nf3 c5 3. e4 cxd4 4. Nxd4 g6 5. Bd3 Bg7 6. O-O Nc6 7. Nxc6
bxc6 8. c3 Nf6 9. Bg5 O-O 10. Nd2 Rb8 11. Qc2 Bb7 12. Be3 c5 13. h3 Qc8 14. c4
Nd7 15. Rab1 Ne5 16. Be2 Ba6 17. b3 Nc6 18. a3 Rb7 19. Rfd1 Qc7 20. Nf3 Rfb8
21. Qa2 Na5 22. b4 cxb4 23. axb4 Bxc4 24. Bxc4 Nxc4 25. Rdc1 Rxb4 26. Rxb4 Rxb4
27. Bd2 Rb5 28. Qxc4 Rc5 29. Qa4 Rxc1+ 30. Kh2 Rc5 31. Qe8+ Bf8 32. Ng5 e6 33.
Nxh7 Qe7 0-1

[Event "East Lansing (MI Op/1a/6)"]
[Site "?"]
[Date "1993.??.??"]
[Round "?"]
[White "Ford, William"]
[Black "Bagherabadi, Mohammed"]
[Result "1/2-1/2"]
[WhiteElo "1930"]
[BlackElo "2130"]
[PlyCount "111"]
[EventDate "1993.??.??"]

1. d4 Nf6 2. Nf3 e6 3. e3 b6 4. Be2 Bb7 5. O-O h6 6. c4 Be7 7. Nc3 Bb4 8. Qb3
a5 9. a3 Bxc3 10. Qxc3 d6 11. Re1 Nbd7 12. Nd2 h5 13. Bd3 Ng4 14. e4 Qh4 15.
Nf3 Qe7 16. h3 Nh6 17. Bf4 f6 18. e5 dxe5 19. Bg6+ Nf7 20. dxe5 O-O-O 21. exf6
gxf6 22. Be4 Nc5 23. Bxb7+ Kxb7 24. Rad1 e5 25. Be3 Ne6 26. b4 axb4 27. axb4
Ra8 28. Ra1 c6 29. c5 b5 30. Re2 Rxa1+ 31. Qxa1 Ra8 32. Ra2 Rxa2 33. Qxa2 Nc7
34. Qe2 Qe6 35. Ne1 Qf5 36. Qf3 Qg6 37. Kh2 Nd5 38. Bd2 Kc7 39. Qa3 Kd7 40.
Qa7+ Nc7 41. Qa3 Nd5 42. Qa7+ Nc7 43. Qa3 Qe4 44. Qf3 Qxf3 45. Nxf3 Ke6 46. Kg3
Ne8 47. Ne1 f5 48. Kh4 Nf6 49. Nf3 Nh8 50. Kg5 f4 51. Ne1 Nf7+ 52. Kg6 Nh8+ 53.
Kg7 Nf7 54. Kg6 Nh8+ 55. Kg7 Nf7 56. Kg6 1/2-1/2

[Event "Flint (Beg/5)"]
[Site "?"]
[Date "1993.??.??"]
[Round "?"]
[White "Foote, Greg"]
[Black "Young, O."]
[Result "1-0"]
[WhiteElo "1605"]
[BlackElo "1605"]
[PlyCount "101"]
[EventDate "1993.??.??"]

1. e4 e5 2. Nf3 Nf6 3. d3 d5 4. exd5 g6 5. Bg5 Bg7 6. Nc3 O-O 7. Be2 c6 8. dxc6
Nxc6 9. O-O Nd4 10. Nxd4 Qxd4 11. Qd2 e4 12. Bh6 Bg4 13. Bxg7 Kxg7 14. Rfe1 Qe5
15. h3 e3 16. Qxe3 Qxe3 17. fxe3 Bxe2 18. Rxe2 Nh5 19. Ne4 a5 20. Rf1 a4 21. g4
f5 22. Ref2 Nf6 23. Nxf6 Kxf6 24. gxf5 g5 25. e4 a3 26. b3 Ke5 27. c3 Rad8 28.
Rd1 b5 29. Rg2 h6 30. Rg4 Rc8 31. c4 b4 32. d4+ Kd6 33. e5+ Ke7 34. f6+ Ke6 35.
Re1 Kf5 36. Rf1+ Ke6 37. Re4 h5 38. d5+ Kd7 39. e6+ Ke8 40. e7 Rf7 41. d6 Kd7
42. Rd4 h4 43. Kg2 g4 44. hxg4 Rh8 45. Kh3 Ke6 46. d7 Rxf6 47. Rxf6+ Kxf6 48.
d8=Q Rh7 49. e8=Q+ Kg7 50. Qg8+ Kh6 51. Rd6# 1-0

[Event "East Lansing (MOR/5/26)"]
[Site "?"]
[Date "1993.??.??"]
[Round "?"]
[White "Foote, Greg"]
[Black "Stockman, David"]
[Result "1-0"]
[WhiteElo "1605"]
[BlackElo "1675"]
[PlyCount "45"]
[EventDate "1993.??.??"]

{5/(26)} 1. e4 e6 2. d4 d5 3. Nc3 Bb4 4. e5 c5 5. a3 Bxc3+ 6. bxc3 Qc7 7. Bd2
Nc6 8. Qg4 Nge7 9. Qxg7 Rg8 10. Qxh7 cxd4 11. Nf3 dxc3 12. Bxc3 Bd7 13. g3 Rc8
14. Bd3 Na5 15. Bd2 Ba4 16. O-O Nc4 17. Bf4 Kd7 18. Ng5 Rcf8 19. Nxf7 Kc8 20.
Bxc4 dxc4 21. Ng5 Ng6 22. Qxc7+ Kxc7 23. Nxe6+ 1-0